Top 20 Dead WR's Ever - Statistics

General Stats
  • This quiz has been taken 8 times
  • The average score is 3 of 20
Answer Stats
YOD WR % Correct
8. 2021 Demaryius Thomas
57%
1. 1997 Don Hutson
57%
13. 2021 Vincent Jackson
43%
5. 2022 Don Maynard
29%
3. 2004 Elroy Hirsch
29%
14. 2017 Terry Glenn
29%
4. 2002 Bob Hayes
14%
9. 2022 Charley Taylor
14%
6. 2019 Cliff Branch
14%
7. 2009 Dante Lavelli
14%
18. 2011 Drew Hill
14%
19. 2018 Tommy McDonald
14%
20. 2015 Art Powell
0%
11. 2020 Bobby Mitchell
0%
17. 2017 Charley Hennigan
0%
16. 2020 Del Shofner
0%
10. 2018 Dwight Clark
0%
2. 2015 Frank Gifford
0%
15. 2020 Jimmy Orr
0%
12. 2000 Tom Fears
0%
No matching quizzes found
Score Distribution
Percent of People with Each Score
Percentile by Number Answered
Your Score History
You have not taken this quiz